Giáo trình hình họa 3 Sách dành cho cao đẳng sư phạm
Bewaard in:
| Hoofdauteur: | |
|---|---|
| Formaat: | Boek |
| Gepubliceerd in: |
H.
Đại học Sư phạm
2007
|
| Onderwerpen: | |
| Tags: |
Voeg label toe
Geen labels, Wees de eerste die dit record labelt!
|
| Thư viện lưu trữ: | Trung tâm Học liệu Lê Vũ Hùng, Trường Đại học Đồng Tháp |
|---|
| LEADER | 02061pam a22002538a 4500 | ||
|---|---|---|---|
| 001 | 00022596 | ||
| 005 | 20171026081023.0 | ||
| 008 | 110601s2007 ||||||Viesd | ||
| 041 | 0 | # | |a Vie |
| 082 | 1 | 4 | |a 743.4 |b GI108TR |
| 100 | 0 | # | |a Triệu Khắc Lễ |
| 245 | 0 | 0 | |a Giáo trình hình họa 3 |b Sách dành cho cao đẳng sư phạm |c Triệu Khắc Lễ |
| 260 | # | # | |a H. |b Đại học Sư phạm |c 2007 |
| 300 | # | # | |a 256 tr. |c 24 cm. |
| 653 | # | # | |a Hình họa |
| 653 | # | # | |a Người |
| 653 | # | # | |a Vẽ |
| 653 | # | # | |a Phác họa |
| 852 | # | # | |b Kho giáo trình |j KGT.0013841, KGT.0013842, KGT.0013843, KGT.0013844, KGT.0013845, KGT.0013846, KGT.0013847, KGT.0013848, KGT.0013849, KGT.0013850, KGT.0013851, KGT.0013852, KGT.0013853, KGT.0013854, KGT.0013855, KGT.0013856, KGT.0013857, KGT.0013858, KGT.0013859, KGT.0013860, KGT.0013861, KGT.0013862, KGT.0013863, KGT.0013864, KGT.0013865, KGT.0013866, KGT.0013867, KGT.0013868, KGT.0013869, KGT.0013870, KGT.0013871, KGT.0013872, KGT.0013873, KGT.0013874, KGT.0013875, KGT.0013876, KGT.0013877, KGT.0013878, KGT.0013879, KGT.0013880, KGT.0013881, KGT.0013882, KGT.0032406, KGT.0032812, KGT.0032999, KGT.0033164, KGT.0033382, KGT.0034267 |
| 852 | # | # | |b Kho mượn |j KGT.0013841 |
| 852 | # | # | |j KGT.0013862 |j KGT.0013864 |j KGT.0013877 |j KGT.0013878 |j KGT.0013880 |j KGT.0013881 |j KGT.0013841 |j KGT.0013842 |j KGT.0013844 |j KGT.0013845 |j KGT.0013847 |j KGT.0013848 |j KGT.0013850 |j KGT.0013851 |j KGT.0013853 |j KGT.0013854 |j KGT.0013856 |j KGT.0013857 |j KGT.0013859 |j KGT.0013861 |j KGT.0013865 |j KGT.0013867 |j KGT.0013868 |j KGT.0013870 |j KGT.0013871 |j KGT.0013873 |j KGT.0013874 |j KGT.0033164 |j KGT.0032812 |j KGT.0034267 |j KGT.0033382 |j KD.0009680 |j KGT.0032999 |j KGT.0013843 |j KGT.0013846 |j KGT.0013849 |j KGT.0013852 |j KGT.0013855 |j KGT.0013858 |j KGT.0013860 |j KGT.0013863 |j KGT.0013866 |j KGT.0013869 |j KGT.0013872 |j KGT.0013875 |j KGT.0013876 |j KGT.0013879 |j KGT.0013882 |j KGT.0032406 |
| 852 | # | # | |b Kho đọc |j KD.0009680 |
| 910 | 0 | # | |a kìm |d 01/06/2011 |
| 980 | # | # | |a Trung tâm Học liệu Lê Vũ Hùng, Trường Đại học Đồng Tháp |